Aprender Alemán color - Estadísticas

Estadísticas generales
  • Esta prueba ha sido intentada 9 veces
  • La puntuación promedio es 7 de 13
Estadísticas de respuestas
Español Alemán % Correcto
Negro Schwarz
100%
Rojo Rot
88%
Azul Blau
63%
Amarillo Gelb
63%
Blanco Weiß
63%
Marrón Braun
50%
Gris Grau
50%
Verde Grün
50%
Naranja Orange
50%
Rosa Rosa
50%
Azul oscuro Dunkelblau
38%
Azul claro Hellblau
38%
Púrpura Lila
38%
No se encontraron pruebas coincidentes
Distribución de puntuación
Porcentaje de gente con cada puntuación
Porcentaje por número respondido
Historial de tus puntuaciones
No has intentado esta prueba.